[Event "Match"]
[Site "www.echecsemail.com"]
[Date "2017.09.27"]
[Round "1"]
[White "Paco"]
[Black "Raulazo"]
[WhiteElo "1970"]
[BlackElo "1890"]
[Result "1-0"]
[Round "1"]
1.e4 e5
2.Ng1f3 Nb8c6
3.Bf1c4 h6
4.d4 Qd8e7
5.O-O Ng8f6
6.d5 Qe7b4
7.Nb1a3 Nc6e7
8.c3 Qb4b6
9.Rf1e1 Ne7g6
10.Qd1c2 Bf8c5
11.b4 d6
12.bxc5 dxc5
13.Ra1b1 Qb6d6
14.Na3b5 Qd6d7
15.Bc1e3 a6
16.Nb5a3 Qd7g4
17.h3 Qg4h5
18.Be3xc5 Bc8xh3
19.Kf1 Qh5xf3
20.Re1e3 Qf3xg2
21.Ke1 Qg2g1
22.Kd2 b6
23.Rb1xg1 Bh3d7
24.Qc2b3 bxc5
25.d6 cxd6
26.Bc4xf7 Ke7
27.Rg1xg6 Ra8b8
28.Qb3c4 Rb8b2
29.Na3c2 Rh8f8
30.Rg6xg7 d5
31.Qc4xc5 Kd8
32.Qc5xf8 Kc7
33.exd5 h5
34.Re3xe5 Kb6
35.Qf8b8 { resign }
1-0

[Event "Match"]
[Site "www.echecsemail.com"]
[Date "2017.09.27"]
[Round "1"]
[White "Stevep84"]
[Black "Apdash"]
[WhiteElo "2160"]
[BlackElo "1920"]
[Result "1-0"]
[Round "1"]
1.e4 c5
2.Ng1f3 d6
3.d4 cxd4
4.Nf3xd4 Nb8c6
5.c4 g6
6.Nb1c3 Bf8g7
7.Bc1e3 Ng8f6
8.Bf1e2 a6
9.O-O O-O
10.f4 h5
11.f5 Nc6e5
12.Nd4f3 Nf6g4
13.Be3d2 Qd8b6
14.Kh1 Ng4f2
15.Rf1xf2 Qb6xf2
16.Nc3d5 Qf2a7
17.Nd5xe7 Kh7
18.Nf3xe5 Bg7xe5
19.Be2xh5 b5
20.Bh5xg6 fxg6
21.Ne7xg6 Rf8f7
22.Qd1g4 Be5g7
23.Bd2c3 Bg7xc3
24.Qg4h4 Kg8
25.bxc3 Rf7h7
26.Qh4d8 Kg7
27.Qd8f8 { resign }
1-0

[Event "1/16 Finale"]
[Site "www.chess-mail.com"]
[Date "2017.09.27"]
[Round "1"]
[White "Sachpat"]
[Black "Szustan"]
[WhiteElo "2700"]
[BlackElo "2620"]
[Result "1-0"]
[Round "1"]
1.e4 e5
2.Ng1f3 Nb8c6
3.Bf1b5 a6
4.Bb5a4 Ng8f6
5.d3 d6
6.c3 Bf8e7
7.O-O b5
8.Ba4c2 O-O
9.Nb1d2 d5
10.h3 dxe4
11.dxe4 Bc8e6
12.Nf3g5 Be6d7
13.a4 Qd8c8
14.Qd1e2 Be7d6
15.Rf1d1 h6
16.Ng5f3 Qc8b7
17.Nf3h4 Nc6e7
18.Nd2b3 bxa4
19.Nb3a5 Qb7b8
20.Bc2xa4 Bd7xa4
21.Ra1xa4 Qb8b5
22.Qe2c2 Bd6c5
23.Rd1e1 Rf8e8
24.Nh4f3 Ne7c6
25.b4 Bc5b6
26.Na5xc6 Qb5xc6
27.c4 Bb6d4
28.Bc1d2 Ra8d8
29.Ra4a5 Rd8d6
30.c5 Re8d8
31.Ra5a2 Rd6d7
32.Ra2a3 Qc6b5
33.Ra3a5 Qb5c6
34.Kf1 Rd7e7
35.Qc2a4 Qc6xa4
36.Ra5xa4 Re7e6
37.Ra4a3 Nf6d7
38.Re1d1 Nd7f6
39.Nf3xd4 Rd8xd4
40.f3 Nf6h5
41.Ra3a1 Kf8
42.Bd2c3 Rd4xd1
43.Ra1xd1 Ke7
44.Rd1d5 f6
45.Rd5d1 Re6c6
46.h4 a5
47.bxa5 Nh5f4
48.g3 Nf4e6
49.Ke2 Ke8
50.Bc3b4 Rc6a6
51.Kd3 Kd7
52.Kc4 Kc6
53.Rd1a1 Ne6d4
54.f4 Nd4c2
55.Ra1a2 Nc2e3
56.Kd3 Ne3g4
57.h5 Kb5
58.Bb4c3 Ra6a8
59.f5 Ka6
60.Ra2b2 Ra8d8
61.Ke2 Ng4h2
62.Rb2d2 Rd8b8
63.Rd2d7 Rb8b3
64.Kd3 Nh2g4
65.Rd7xg7 Ng4f2
66.Kc4 Rb3b1
67.Bc3d2 Nf2xe4
68.Bd2xh6 Rb1h1
69.g4 Ne4f2
70.Rg7g6 { resign }
1-0

[Event "1/32 Finale"]
[Site "www.chess-mail.com"]
[Date "2017.09.27"]
[Round "1"]
[White "Szustan"]
[Black "Pdebonis"]
[WhiteElo "2520"]
[BlackElo "2720"]
[Result "0-1"]
[Round "1"]
1.e4 c5
2.c3 d5
3.exd5 Qd8xd5
4.d4 Ng8f6
5.Ng1f3 Bc8g4
6.Bf1e2 e6
7.h3 Bg4h5
8.O-O Nb8c6
9.Bc1e3 cxd4
10.cxd4 Bf8e7
11.Nb1c3 Qd5d6
12.Ra1c1 O-O
13.Qd1d2 Rf8d8
14.Rf1d1 Ra8c8
15.a3 Qd6b8
16.b4 a5
17.b5 Bh5xf3
18.Be2xf3 Nc6e5
19.Be3f4 Ne5c4
20.Bf4xb8 Nc4xd2
21.Rd1xd2 Be7xa3
22.Rc1c2 Rc8xb8
23.Nc3a4 Nf6d5
24.g3 Ba3b4
25.Rd2d1 g6
26.Kg2 Kg7
27.Rd1c1 Nd5e7
28.Rc1d1 Ne7f5
29.d5 e5
30.b6 Rb8c8
31.Rd1c1 Rc8xc2
32.Rc1xc2 Nf5d6
33.Rc2c7 e4
34.Bf3e2 Kf6
35.g4 Ke5
36.g5 Kxd5
37.Na4b2 Bb4c5
38.Nb2a4 Bc5d4
39.f4 Bd4e3
40.Na4c3 Kd4
41.Nc3b5 Nd6xb5
42.Be2xb5 Be3xf4
43.Rc7xb7 Kc5
44.Rb7d7 Rd8b8
45.Bb5e2 Rb8xb6
46.Rd7xf7 Rb6b2
47.Kf1 Bf4b8
48.Rf7f6 a4
49.Rf6a6 Rb2a2
50.Ra6a5 Kd4
{ resign }
0-1

[Event "1/128 Finale"]
[Site "www.chess-mail.com"]
[Date "2017.09.27"]
[Round "1"]
[White "Sykdalion"]
[Black "Attatroll"]
[WhiteElo "1499"]
[BlackElo "1990"]
[Result "1/2-1/2"]
[Round "1"]
1.e4 d6
2.d4 Ng8f6
3.Nb1c3 g6
4.Ng1f3 Bf8g7
5.Bf1b5 c6
6.Bb5e2 O-O
7.O-O Nb8d7
8.Bc1e3 Nf6g4
9.Be3g5 h6
10.Bg5h4 g5
11.Bh4g3 Ng4f6
12.e5 Nf6d5
13.Nc3xd5 cxd5
14.exd6 exd6
15.Bg3xd6 Rf8e8
16.Be2b5 a6
17.Bb5xd7 Qd8xd7
18.Bd6e5 g4
19.Be5xg7 Kxg7
20.Nf3e5 Qd7f5
21.Rf1e1 Bc8e6
22.Ne5d3 h5
23.Re1e5 Qf5h7
24.Nd3c5 b6
25.Nc5xe6 Re8xe6
26.Re5xe6 fxe6
27.Qd1e2 Qh7f5
28.Qe2d3 Qf5xd3
29.cxd3 Ra8c8
30.Ra1e1 Kf6
31.Kf1 Rc8c2
32.Re1e2 Rc2c1
33.Re2e1 Rc1c2
34.Re1e2 Rc2c1
{ draw }
1/2-1/2

[Event "1/128 Finale"]
[Site "www.chess-mail.com"]
[Date "2017.09.27"]
[Round "1"]
[White "Bojan"]
[Black "Luban"]
[WhiteElo "1990"]
[BlackElo "2100"]
[Result "0-1"]
[Round "1"]
1.e4 c5
2.Ng1f3 d6
3.Bf1c4 e6
4.c3 a6
5.d4 b5
6.Bc4e2 cxd4
7.cxd4 Bc8b7
8.Be2d3 Ng8f6
9.Bc1g5 Bf8e7
10.Nb1d2 O-O
11.Ra1c1 Nb8c6
12.Nd2b3 Ra8c8
13.Rc1c3 h6
14.Bg5h4 Nf6xe4
15.Bh4xe7 Ne4xc3
16.bxc3 Qd8xe7
17.O-O Nc6a7
18.Qd1d2 Bb7xf3
19.gxf3 Qe7g5
20.Qd2xg5 hxg5
21.Rf1c1 g6
22.Kg2 Kg7
23.Kg3 Rf8h8
24.c4 bxc4
25.Bd3xc4 d5
26.Bc4xa6 Rc8xc1
27.Nb3xc1 Na7c6
28.Nc1e2 Nc6b4
29.Ba6b5 Nb4xa2
30.h3 Rh8b8
31.Bb5a6 Rb8b2
32.f4 gxf4
33.Ne2xf4 Na2c3
34.h4 Nc3e4
35.Kf3 Rb2xf2
36.Kg4 f5
37.Kh3 Rf2xf4
{ resign }
0-1

[Event "Tourn. n9499"]
[Site "www.chess-mail.com"]
[Date "2017.09.28"]
[Round "1"]
[White "Orhany24"]
[Black "Wegaman"]
[WhiteElo "2090"]
[BlackElo "2100"]
[Result "1-0"]
[Round "1"]
1.e4 e6
2.d4 d5
3.exd5 exd5
4.Ng1f3 Ng8f6
5.Bf1d3 Bf8d6
6.O-O O-O
7.h3 Nb8c6
8.a3 Rf8e8
9.Bc1g5 h6
10.Bg5h4 Bd6e7
11.c4 dxc4
12.Bd3xc4 Nc6a5
13.Bc4a2 Re8f8
14.Nb1c3 Na5c6
15.Ra1c1 Bc8d7
16.Rf1e1 Rf8e8
17.Qd1d3 g6
18.Qd3xg6 Kh8
19.Qg6xh6 Nf6h7
20.Re1xe7 Nc6xe7
21.Bh4f6 { resign }
1-0

[Event "Tourn. n9487"]
[Site "www.chess-mail.com"]
[Date "2017.09.28"]
[Round "1"]
[White "Amaya"]
[Black "Roque1"]
[WhiteElo "2070"]
[BlackElo "1980"]
[Result "1-0"]
[Round "1"]
1.d4 d5
2.e3 Ng8f6
3.Bf1d3 g6
4.f4 Bc8g4
5.Ng1f3 Nb8c6
6.c3 Bf8g7
7.Nb1d2 O-O
8.O-O Qd8d6
9.Qd1e1 a5
10.Nf3e5 Bg4d7
11.Qe1g3 Nf6h5
12.Qg3h4 Bg7f6
13.Qh4f2 Bf6g7
14.e4 Nh5f6
15.exd5 Nf6xd5
16.Nd2e4 Qd6e6
17.Qf2h4 Nc6xe5
18.fxe5 f5
19.Ne4g5 Bg7h6
20.Ng5xe6 { resign }
1-0

[Event "Tourn. n9545"]
[Site "www.chess-mail.com"]
[Date "2017.09.28"]
[Round "1"]
[White "Apdash"]
[Black "Bojan"]
[WhiteElo "2000"]
[BlackElo "2060"]
[Result "1-0"]
[Round "1"]
1.d4 d5
2.Ng1f3 Nb8c6
3.e3 h6
4.c4 Bc8e6
5.cxd5 Be6xd5
6.Bf1e2 Qd8d6
7.Nb1c3 Ng8f6
8.Nc3b5 Qd6d7
9.O-O Nf6e4
10.Nb5c3 Ne4xc3
11.bxc3 Qd7e6
12.Qd1a4 Qe6d6
13.Bc1a3 Qd6d7
14.c4 Bd5e4
15.d5 Nc6b8
16.Qa4b3 c6
17.dxc6 Qd7xc6
18.Nf3d4 Qc6c8
19.Ra1d1 Nb8c6
20.Qb3b5 a6
21.Qb5b6 e6
22.Ba3xf8 Kxf8
23.f3 Nc6xd4
24.exd4 Be4c6
25.d5 exd5
26.cxd5 Bc6d7
27.Rd1c1 Qc8b8
28.Rc1c7 Ke7
29.Rc7xb7 Qb8d6
30.Qb6e3 Kd8
31.Be2c4 Rh8e8
32.Qe3d4 f6
33.Rb7b6 Qd6a3
34.d6 Re8e5
35.Rf1b1 Qa3a5
36.Rb6b8 Ra8xb8
37.Rb1xb8 Bd7c8
38.d7 Re5e1
39.Kf2 { resign }
1-0

[Event "Tourn. n9533"]
[Site "www.chess-mail.com"]
[Date "2017.09.28"]
[Round "1"]
[White "Dussek"]
[Black "Begory"]
[WhiteElo "1810"]
[BlackElo "1809"]
[Result "1-0"]
[Round "1"]
1.e4 e5
2.Nb1c3 Bf8c5
3.Bf1c4 Ng8f6
4.f4 Nb8c6
5.d3 Nf6g4
6.Qd1xg4 O-O
7.f5 Nc6d4
8.Bc1h6 Qd8f6
9.Bh6g5 Qf6b6
10.Ra1b1 Nd4xc2
11.Kd2 Nc2e3
12.Qg4g3 Ne3xc4
13.dxc4 Qb6d6
14.Nc3d5 c6
15.f6 g6
16.Qg3h4 h5
17.g4 cxd5
18.cxd5 Bc5b4
19.Kd1 Qd6c5
20.gxh5 Qc5d4
21.Ke2 b6
22.hxg6 Qd4d2
23.Bg5xd2 Bc8a6
24.Ke1 { resign }
1-0

[Event "Match"]
[Site "www.echecsemail.com"]
[Date "2017.09.28"]
[Round "1"]
[White "Cjood"]
[Black "Begory"]
[WhiteElo "2000"]
[BlackElo "1719"]
[Result "1-0"]
[Round "1"]
1.e4 e5
2.Ng1f3 Nb8c6
3.Bf1c4 h6
4.O-O Ng8f6
5.d3 Bf8c5
6.Nb1c3 Nf6g4
7.h3 Ng4f6
8.Nc3d5 Nf6xd5
9.Bc4xd5 Nc6e7
10.Nf3xe5 O-O
11.Ne5f3 c6
12.Bd5c4 b5
13.Bc4b3 Ne7g6
14.d4 Bc5d6
15.e5 Bd6e7
16.c4 b4
17.c5 a5
18.Bc1d2 d5
19.cxd6 Be7xd6
20.exd6 Qd8xd6
21.Ra1c1 Bc8b7
22.Bd2e3 a4
23.Bb3c4 a3
24.b3 Bb7a6
25.Bc4xa6 Ra8xa6
26.Nf3e5 Ng6xe5
27.dxe5 Qd6xe5
28.Be3d4 Qe5e8
29.Qd1g4 f6
30.Rf1e1 Qe8d8
31.Bd4c5 Rf8e8
32.Re1xe8 Qd8xe8
33.Bc5xb4 Qe8e5
34.Qg4c8 Kh7
35.Qc8xa6 { resign }
1-0

[Event "Match"]
[Site "www.echecsemail.com"]
[Date "2017.09.28"]
[Round "1"]
[White "Pinehill"]
[Black "Whitekknight"]
[WhiteElo "2090"]
[BlackElo "1920"]
[Result "1-0"]
[Round "1"]
1.e4 e5
2.d4 exd4
3.Bf1c4 Nb8c6
4.Ng1f3 h6
5.O-O Ng8f6
6.e5 Nf6h7
7.Nf3xd4 Nc6xe5
8.Rf1e1 Bf8e7
9.Re1xe5 O-O
10.Nb1c3 Be7f6
11.Re5e1 d6
12.h3 Bf6xd4
13.Qd1xd4 Qd8f6
14.Qd4d3 Bc8f5
15.Qd3e2 Bf5d7
16.Bc1e3 Ra8e8
17.Qe2d2 Re8e7
18.Nc3d5 Qf6g6
19.Nd5xe7 { resign }
1-0

[Event "Match"]
[Site "www.echecsemail.com"]
[Date "2017.09.28"]
[Round "1"]
[White "Sagara1977"]
[Black "Azulmarino"]
[WhiteElo "1560"]
[BlackElo "1550"]
[Result "0-1"]
[Round "1"]
1.e4 e5
2.Qd1f3 Ng8f6
3.Bf1c4 Nb8c6
4.Nb1c3 Nc6b4
5.Bc4b3 d6
6.h3 Bc8e6
7.Nc3b5 a6
8.Qf3c3 Nb4c6
9.Nb5a3 Nf6xe4
10.Qc3e3 d5
11.d3 Bf8c5
12.d4 Bc5xd4
13.Qe3e2 Qd8f6
14.f3 Ne4g3
15.Qe2d2 Ng3xh1
16.Ng1e2 Qf6h4
17.g3 Qh4xh3
18.f4 Bd4f2
19.Kd1 Qh3f1
20.Qd2e1 Qf1xe1
{ resign }
0-1

[Event "Match"]
[Site "www.echecsemail.com"]
[Date "2017.09.28"]
[Round "1"]
[White "Cjood"]
[Black "Gambitmiau"]
[WhiteElo "1930"]
[BlackElo "2000"]
[Result "0-1"]
[Round "1"]
1.d4 d5
2.Nb1c3 Bc8f5
3.Bc1f4 c6
4.e3 e6
5.h3 Bf8b4
6.Ng1e2 Ng8f6
7.a3 Bb4xc3
8.Ne2xc3 O-O
9.g4 Bf5e4
10.Nc3xe4 Nf6xe4
11.Bf1d3 f5
12.Bd3xe4 dxe4
13.gxf5 exf5
14.h4 Qd8d5
15.Rh1g1 Nb8d7
16.Bf4h6 Rf8f7
17.b3 Qd5d6
18.Bh6f4 Qd6e7
19.Bf4g5 Nd7f6
20.Bg5xf6 Qe7xf6
21.Rg1h1 Ra8d8
22.c4 c5
23.d5 Qf6c3
24.Kf1 f4
25.exf4 Rf7xf4
26.Ra1a2 Qc3d3
27.Qd1xd3 exd3
28.Kg2 a6
29.Kg3 Rd8f8
30.Ra2d2 Rf4f3
31.Kg4 Rf3xf2
32.Rd2xd3 h5
33.Kxh5 Rf2g2
{ resign }
0-1

[Event "Match"]
[Site "www.echecsemail.com"]
[Date "2017.09.28"]
[Round "1"]
[White "Luzhin"]
[Black "Apdash"]
[WhiteElo "2330"]
[BlackElo "1949"]
[Result "1-0"]
[Round "1"]
1.e4 e5
2.Ng1f3 Nb8c6
3.d4 exd4
4.Nf3xd4 Nc6xd4
5.Qd1xd4 d6
6.Nb1c3 Qd8f6
7.Qd4d3 Bc8d7
8.Bf1e2 Ng8e7
9.Bc1e3 Bd7c6
10.Nc3b5 Qf6xb2
11.Nb5xc7 Kd7
12.Ra1d1 Qb2b4
13.c3 Qb4a3
14.Nc7xa8 Ne7g6
15.Be2g4 Ke7
16.Qd3d4 Ng6e5
17.Bg4h3 f6
18.f4 Ne5d7
19.Na8c7 Qa3xa2
20.Qd4xd6 { resign }
1-0

[Event "Match"]
[Site "www.echecsemail.com"]
[Date "2017.09.28"]
[Round "1"]
[White "Micheles"]
[Black "Biohazard"]
[WhiteElo "2520"]
[BlackElo "1499"]
[Result "1/2-1/2"]
[Round "1"]
1.d4 e6
2.Ng1f3 Bf8e7
3.e4 d5
4.e5 c5
5.c3 Nb8c6
6.Bf1d3 Bc8d7
7.O-O cxd4
8.cxd4 Qd8b6
9.Nb1c3 Nc6xd4
10.Nf3xd4 { draw }
1/2-1/2

[Event "Match"]
[Site "www.echecsemail.com"]
[Date "2017.09.28"]
[Round "1"]
[White "Sykdalion"]
[Black "Bjonil60"]
[WhiteElo "1499"]
[BlackElo "1460"]
[Result "1-0"]
[Round "1"]
1.e4 Nb8c6
2.Ng1f3 e5
3.Bf1b5 Ng8f6
4.d3 Qd8e7
5.O-O h6
6.a3 Nc6a5
7.Bc1d2 a6
8.Bd2xa5 b6
9.Ba5b4 c5
10.Bb4c3 axb5
11.Nf3xe5 b4
12.Ne5c4 Ra8b8
13.axb4 g6
14.Qd1f3 Bf8g7
15.e5 Nf6h7
16.Rf1e1 g5
17.Nc4d6 Kf8
18.Nd6xc8 Rb8xc8
19.Qf3b7 Qe7d8
20.bxc5 bxc5
21.d4 cxd4
22.Bc3xd4 Rc8xc2
23.Ra1a8 Qd8xa8
24.Qb7xa8 Ke7
25.Qa8a3 Ke8
26.Bd4c5 f6
27.exf6 Kf7
28.fxg7 Kxg7
29.Re1e7 Kg6
30.Qa3d3 Kf6
31.Qd3xc2 h5
32.Re7xh7 Rh8xh7
33.Qc2xh7 Ke6
34.Qh7g6 Kd5
35.Qg6d6 Ke4
36.Nb1d2 Kf5
37.Qd6xd7 Kf4
38.Bc5d6 
1-0

[Event "1/128 Finale"]
[Site "www.chess-mail.com"]
[Date "2017.09.28"]
[Round "1"]
[White "Attatroll"]
[Black "Bojan"]
[WhiteElo "1960"]
[BlackElo "1990"]
[Result "0-1"]
[Round "1"]
1.d4 d5
2.c4 dxc4
3.e3 b5
4.Qd1f3 c6
5.Nb1c3 a6
6.a4 b4
7.Bf1xc4 e6
8.Nc3e4 a5
9.Ng1e2 Nb8d7
10.O-O Ng8f6
11.Ne4xf6 gxf6
12.b3 Bc8b7
13.Bc1b2 Rh8g8
14.Ra1c1 Qd8c7
15.Rf1d1 Nd7b6
16.Qf3xf6 Bf8e7
17.Qf6f4 Be7d6
18.Qf4h6 O-O-O
19.Ne2g3 Rg8h8
20.h3 Bd6xg3
21.fxg3 Qc7xg3
22.d5 Rh8g8
23.Rd1d2 Nb6xc4
24.bxc4 Kb8
25.Qh6h5 Qg3xe3
26.Kh2 Qe3xd2
27.Bb2d4 Qd2xg2

0-1

[Event "Tourn. n9529"]
[Site "www.chess-mail.com"]
[Date "2017.09.29"]
[Round "1"]
[White "Osopanda"]
[Black "Prize64"]
[WhiteElo "1750"]
[BlackElo "1820"]
[Result "0-1"]
[Round "1"]
1.e4 c5
2.Ng1f3 Nb8c6
3.d4 cxd4
4.Nf3xd4 e6
5.Bc1e3 a6
6.c4 Ng8f6
7.Nb1c3 Bf8b4
 { time }
0-1

[Event "Tourn. n9450"]
[Site "www.chess-mail.com"]
[Date "2017.09.29"]
[Round "1"]
[White "Hundegana"]
[Black "Lucaschess"]
[WhiteElo "2020"]
[BlackElo "2080"]
[Result "0-1"]
[Round "1"]
1.e4 e5
2.d3 d5
3.exd5 Qd8xd5
4.a3 Ng8f6
5.Qd1f3 Nb8c6
6.Qf3xd5 Nf6xd5
7.c4 Nc6d4
8.Ra1a2 Nd5f6
9.Bc1e3 Nd4c2
10.Kd2 Nc2d4
11.Be3xd4 exd4
12.Ng1f3 c5
13.Bf1e2 Bf8d6
14.Rh1e1 O-O
15.Be2f1 Bc8g4
16.Nf3e5 Rf8e8
17.Ne5xg4 Nf6xg4
18.h3 Bd6f4
19.Kd1 Ng4xf2
20.Kc2 Re8xe1
21.Nb1d2 Ra8e8
22.g4 Bf4xd2
23.Kxd2 Re1xf1
24.Kc2 Re8e2
25.Kb3 Nf2xd3
26.h4 Rf1b1
27.Ka4 Re2xb2
28.Ra2xb2 Rb1xb2
29.g5 b6
30.h5 a6
31.g6 b5
32.cxb5 Rb2xb5
33.gxf7 Kxf7
34.h6 Nd3b2

0-1

[Event "Tourn. n9529"]
[Site "www.chess-mail.com"]
[Date "2017.09.29"]
[Round "1"]
[White "Libiesse"]
[Black "Dussek"]
[WhiteElo "1780"]
[BlackElo "1830"]
[Result "0-1"]
[Round "1"]
1.d4 Ng8f6
2.c4 g6
3.Nb1c3 d5
4.Ng1f3 Bf8g7
5.Bc1g5 Nb8d7
6.e3 O-O
7.cxd5 h6
8.Bf1c4 Nd7b6
9.Qd1b3 hxg5
{ resign }
0-1

[Event "Tourn. n9537"]
[Site "www.chess-mail.com"]
[Date "2017.09.29"]
[Round "1"]
[White "Bojan"]
[Black "Norlavuaram"]
[WhiteElo "2000"]
[BlackElo "2070"]
[Result "1-0"]
[Round "1"]
1.e4 e5
2.Ng1f3 Nb8c6
3.d4 exd4
4.Nf3xd4 Bf8c5
5.Nd4xc6 Qd8f6
6.f3 Qf6xc6
7.Bf1d3 d5
8.Qd1e2 Ng8e7
9.Bd3b5 { resign }
1-0

[Event "Tourn. n9478"]
[Site "www.chess-mail.com"]
[Date "2017.09.29"]
[Round "1"]
[White "Bojan"]
[Black "Ff333"]
[WhiteElo "2020"]
[BlackElo "2100"]
[Result "1-0"]
[Round "1"]
1.e4 e5
2.Ng1f3 Nb8c6
3.Bf1b5 d6
4.h3 Bc8d7
5.d3 a6
6.Bb5c4 Nc6a5
7.Bc4d5 c6
8.Bd5b3 Na5xb3
9.axb3 f5
10.exf5 Bd7xf5
11.Bc1e3 h6
12.Nb1a3 Ng8f6
13.Na3c4 c5
14.Nf3h4 Bf5h7
15.Qd1f3 d5
16.Nc4xe5  { time }
1-0

[Event "Tourn. n9451"]
[Site "www.chess-mail.com"]
[Date "2017.09.29"]
[Round "1"]
[White "Lucaschess"]
[Black "Claymil"]
[WhiteElo "2080"]
[BlackElo "2080"]
[Result "1-0"]
[Round "1"]
1.e4 c5
2.Nb1c3 Nb8c6
3.f4 g6
4.Ng1f3 Bf8g7
5.Bf1b5 e6
6.Bb5xc6 bxc6
7.e5 d5
8.d3 Ng8e7
9.g4 f6
10.b3 Bc8a6
11.Nc3a4 O-O
12.Na4xc5 Ba6c8
13.b4 Qd8b6
14.a3 a5
15.Bc1d2 fxe5
16.fxe5 h6
17.d4 axb4
18.Bd2xb4 Rf8e8
19.O-O Kh7
20.c3 g5
21.Qd1d3 Ne7g6
22.h4 gxh4
23.Nf3xh4 Bc8a6
24.Qd3xg6 Kh8
25.Rf1f7 Re8g8
26.Nc5xe6 Ra8a7
27.g5 Ra7xf7
28.Qg6xf7 Qb6b7
29.Qf7xb7 Ba6xb7
30.g6 Bb7c8
31.Ne6xg7 Rg8xg7
32.a4 Bc8a6
33.Bb4f8 Rg7b7
34.g7 { resign }
1-0

[Event "Tourn. n9509"]
[Site "www.chess-mail.com"]
[Date "2017.09.29"]
[Round "1"]
[White "Szustan"]
[Black "Jazzy"]
[WhiteElo "2530"]
[BlackElo "2280"]
[Result "1-0"]
[Round "1"]
1.e4 e5
2.Ng1f3 Ng8f6
3.Nb1c3 d6
4.d4 exd4
5.Nf3xd4 Nb8c6
6.Bf1b5 Bc8d7
7.O-O Bf8e7
8.b3 Nc6xd4
9.Qd1xd4 Bd7xb5
10.Nc3xb5 c6
11.Nb5c3 O-O
12.Bc1b2 Nf6e8
13.Ra1d1 Be7f6
14.Qd4e3 Qd8c7
15.h3 b6
16.Rf1e1 Ra8d8
17.a4 g6
18.f4 c5
19.Nc3d5 { resign }
1-0

[Event "Tourn. n9485"]
[Site "www.chess-mail.com"]
[Date "2017.09.29"]
[Round "1"]
[White "Pachi"]
[Black "Cal"]
[WhiteElo "1540"]
[BlackElo "1660"]
[Result "1-0"]
[Round "1"]
1.e4 e5
2.Ng1f3 d6
3.g3 a6
4.d4 exd4
5.Qd1xd4 Bc8e6
6.Bc1g5 Bf8e7
7.Qd4xg7 Be7xg5
8.Qg7xh8 Nb8c6
9.Qh8xg8 Kd7
10.Qg8xd8 Ra8xd8
11.Nf3xg5 h6
12.Ng5h7 Nc6e5
13.f4 Ne5f3
14.Kf2 Nf3d4
15.Nb1a3 Be6g4
16.Nh7f6 Kc8
17.Nf6xg4 c5
18.Na3c4 Nd4xc2
19.Ra1d1 h5
20.Nc4xd6 Kc7
21.Rd1d2 Nc2d4
22.Nd6xf7 Rd8d7
23.Ng4h6 b5
24.e5 Rd7e7
25.a3 Kb6
26.b4 Nd4b3
27.Rd2d6 Ka7
28.bxc5 Nb3xc5
29.Bf1g2 a5
30.Rh1b1 b4
31.axb4 axb4
32.Rb1xb4 Re7c7
33.Rd6d1 Nc5a6
34.Rb4b2 h4
35.e6 Na6b8
36.Rb2a2 Nb8a6
37.Rd1d7 hxg3
38.hxg3 Kb6
39.Rd7xc7 Na6xc7
40.e7 Nc7e8
41.Nh6f5 Ne8f6
42.Nf5d6 Kc7
43.e8Q Nf6xe8
44.Nd6xe8 Kd7
45.Ne8d6 { resign }
1-0

[Event "Tourn. n9544"]
[Site "www.chess-mail.com"]
[Date "2017.09.29"]
[Round "1"]
[White "Tonino1"]
[Black "Apdash"]
[WhiteElo "2170"]
[BlackElo "2040"]
[Result "1-0"]
[Round "1"]
1.d4 d5
2.f4 e6
3.e3 Ng8f6
4.Ng1f3 c5
5.c3 c4
6.Bf1e2 Bf8e7
7.O-O Nb8d7
8.Nb1d2 b5
9.Nf3e5 Qd8c7
10.Be2f3 Ra8b8
11.a3 a5
12.e4 Nd7xe5
13.fxe5 Nf6xe4
14.Nd2xe4 dxe4
15.Bf3xe4 f5
16.exf6 Be7xf6
17.Qd1h5 Qc7f7
18.Be4c6 Ke7
19.Qh5c5 Kd8
20.Qc5d6 Bc8d7
21.Bc6xd7 Qf7xd7
22.Qd6xb8 Qd7c8
23.Qb8xc8 Kxc8
24.Bc1f4 Kd7
25.Ra1e1 Rh8a8
26.Bf4e5 Ra8f8
27.Be5xf6 gxf6
28.Re1e5 { resign }
1-0

[Event "Tourn. n9551"]
[Site "www.chess-mail.com"]
[Date "2017.09.29"]
[Round "1"]
[White "Apdash"]
[Black "Bojan"]
[WhiteElo "2100"]
[BlackElo "2040"]
[Result "1-0"]
[Round "1"]
1.e4 e5
2.Ng1f3 d6
3.d4 exd4
4.Nf3xd4 Bc8d7
5.Nb1c3 Nb8c6
6.Nd4xc6 Bd7xc6
7.Bf1c4 a6
8.O-O g6
9.Rf1e1 Bf8g7
10.Nc3d5 f6
11.f4 Qd8d7
12.a4 Kd8
13.Ra1a3 Bc6xa4
14.b3 Ba4c6
15.Bc1b2 Ng8e7
16.Nd5xf6 Bg7xf6
17.Bb2xf6 Rh8f8
18.Bf6g5 Kc8
19.b4 b5
20.Bc4e2 Ne7g8
21.Be2g4 h6
22.Bg4xd7 Bc6xd7
23.Bg5h4 Rf8xf4
24.Qd1d5 { resign }
1-0

[Event "Tourn. n9516"]
[Site "www.chess-mail.com"]
[Date "2017.09.29"]
[Round "1"]
[White "Osopanda"]
[Black "Prize64"]
[WhiteElo "1720"]
[BlackElo "1740"]
[Result "0-1"]
[Round "1"]
1.e4 c5
2.Ng1f3 e6
3.d4 cxd4
4.Nf3xd4 a6
5.Bf1c4 Qd8c7
6.Bc4b3 Ng8f6
7.Nb1c3 Nb8c6
8.Bc1e3 b5
9.O-O Bc8b7
10.a4 b4
11.Nc3e2 Nf6xe4
 { time }
0-1

[Event "Match"]
[Site "www.echecsemail.com"]
[Date "2017.09.29"]
[Round "1"]
[White "Chapi"]
[Black "Juodivarnai"]
[WhiteElo "2180"]
[BlackElo "2060"]
[Result "1-0"]
[Round "1"]
1.d4 d5
2.c4 c6
3.Nb1c3 e6
4.Ng1f3 dxc4
5.a4 Bf8b4
6.Nf3e5 b5
7.g3 Ng8f6
8.Bf1g2 Bc8b7
9.axb5 Bb4xc3
10.bxc3 Nf6d5
11.bxc6 Bb7xc6
12.Ne5xc6 Nb8xc6
13.Qd1a4 Qd8b6
14.Qa4xc4 O-O
15.O-O Rf8d8
16.Ra1a6 Nc6a5
17.Qc4d3 Qb6c7
18.Bc1d2 Na5c6
19.Rf1b1 g6
20.c4 Nd5b6
21.Bd2a5 Rd8xd4
22.Ba5xb6 Qc7b7
23.Bg2xc6 { resign }
1-0

[Event "Match"]
[Site "www.echecsemail.com"]
[Date "2017.09.29"]
[Round "1"]
[White "Apdash"]
[Black "Pinehill"]
[WhiteElo "1920"]
[BlackElo "2090"]
[Result "1/2-1/2"]
[Round "1"]
1.e4 d5
2.exd5 Ng8f6
3.c4 e6
4.dxe6 Bc8xe6
5.Ng1f3 Bf8c5
6.d4 Bc5b4
7.Bc1d2 Qd8e7
8.Qd1e2 c6
9.a3 Bb4xd2
10.Nb1xd2 Nb8d7
11.Nf3g5 O-O
12.Ng5xe6 fxe6
13.Qe2d3 Ra8d8
14.Qd3h3 e5
15.O-O-O exd4
16.Bf1d3 Nd7e5
17.Bd3f5 b5
18.cxb5 cxb5
19.Kb1 Ne5c4
20.Bf5e6 Kh8
21.Nd2xc4 bxc4
22.Be6xc4 Qe7e4
23.Bc4d3 Qe4d5
24.g4 Nf6e4
25.Rh1f1 Rf8f3
26.Qh3h4 h6
27.Ka1 Rd8f8
28.Qh4e7 Ne4xf2
29.Rd1d2 Nf2xd3
30.Qe7xf8 Rf3xf8
31.Rf1xf8 Kh7
32.Rd2xd3 Qd5h1
33.Ka2 Qh1xh2
34.Rf8d8 Qh2f4
35.Rd8xd4 Qf4f7
36.Kb1 Qf7g6
37.b4 Qg6b6
38.Kc2 Qb6c6
39.Kb3 Qc6e6
40.Kc3 Qe6a2
41.b5 Qa2xa3
42.Kc4 Qa3a4
43.Kc5 Qa4c2
44.Kb4 { draw }
1/2-1/2

[Event "Match"]
[Site "www.echecsemail.com"]
[Date "2017.09.29"]
[Round "1"]
[White "Pwain"]
[Black "Apdash"]
[WhiteElo "2420"]
[BlackElo "1920"]
[Result "1-0"]
[Round "1"]
1.e4 e5
2.Ng1f3 Nb8c6
3.Bf1c4 Bf8e7
4.O-O Ng8f6
5.d4 Nf6xe4
6.dxe5 Ne4g5
7.Nf3xg5 Be7xg5
8.Qd1h5 Nc6xe5
9.Bc1xg5 g6
10.Qh5h4 { resign }
1-0

[Event "Match"]
[Site "www.echecsemail.com"]
[Date "2017.09.29"]
[Round "1"]
[White "Irene"]
[Black "Azocarwagner"]
[WhiteElo "2130"]
[BlackElo "1869"]
[Result "1-0"]
[Round "1"]
1.d4 e6
2.e4 g6
3.Ng1f3 Bf8g7
4.Nf3g5 f6
5.Ng5f3 Ng8e7
6.e5 f5
7.Bc1g5 h6
8.Bg5f4 g5
9.Nf3xg5 hxg5
10.Bf4xg5 Bg7h6
11.Qd1h5 Kf8
12.Bg5xh6 Rh8xh6
13.Qh5xh6 Kg8
14.h4 Qd8f8
15.Qh6g5 Qf8g7
16.Rh1h3 Qg7xg5
17.hxg5 Nb8c6
18.c3 d6
19.f4 Ne7d5
20.Rh3h4 Nd5e3
21.Nb1d2 Ne3c2
22.Kd1 Nc2xa1
23.Kc1 Kg7
24.Kb1 Bc8d7
25.Kxa1 Bd7e8
26.Rh4h6 dxe5
27.dxe5 Be8d7
28.Bf1c4 a6
29.Bc4xe6 Bd7xe6
30.Rh6xe6 Ra8d8
31.Re6f6 Rd8xd2
32.a3 Rd2xg2
33.Rf6xf5 Nc6e7
34.Rf5f6 Ne7d5
35.e6 Rg2e2
36.Rf6f7 Kg8
37.f5 b5
38.g6 Re2e1
39.Ka2 Re1e2
40.Kb3 c5
41.c4 Re2e3
42.Kc2 Re3e2
43.Kd1 Nd5f4
44.e7 bxc4
45.Rf7f8 Kg7
46.e8Q Re2xe8
47.Rf8xe8 Nf4d3
48.Kc2 a5
49.Re8a8 Nd3e1
50.Kc3 Ne1d3
51.Ra8a7 Kf6
52.g7 { resign }
1-0

[Event "Match"]
[Site "www.echecsemail.com"]
[Date "2017.09.29"]
[Round "1"]
[White "Billyg"]
[Black "Ketchuplover"]
[WhiteElo "1720"]
[BlackElo "1930"]
[Result "0-1"]
[Round "1"]
1.e4 c6
2.d4 d5
3.Nb1c3 dxe4
4.Nc3xe4 Ng8f6
5.Ne4xf6 exf6
6.h3 Bf8e7
7.Qd1e2 Qd8xd4
8.Ng1f3 Qd4b6
9.b3 Bc8e6
10.Bc1e3 Qb6b4
11.Be3d2 Qb4a3
12.Nf3d4 Qa3b2
13.Ra1d1 Qb2xd4
14.c3 Qd4e5
15.Qe2xe5 fxe5
16.g3 Be6d5
17.Rh1g1 O-O
18.c4 Bd5f3
19.Bf1e2 e4
20.Be2xf3 exf3
21.b4 Rf8e8
22.Kf1 Nb8a6
23.a3 Ra8d8
24.g4 Be7g5
25.Rd1e1 Bg5xd2
26.Re1d1 Na6c7
27.Rg1g3 Rd8d3
28.a4 b5
29.axb5 cxb5
30.c5 Bd2xb4
31.Rd1b1 Bb4xc5
32.Kg1 Re8e2
33.Rb1f1 Re2xf2
34.Rf1xf2 Rd3d1
{ resign }
0-1